[Event "Piura op 10th"]
[Site "Piura"]
[Date "2016.10.14"]
[Round "2"]
[White "Jaramillo, Jorge"]
[Black "Robledo, Manuel"]
[Result "0-1"]
[WhiteElo "1800"]
[BlackElo "2219"]
[PlyCount "79"]
[EventDate "2016.10.14"]
[EventType "swiss"]
[EventRounds "7"]
[EventCountry "PER"]
[SourceTitle "EXT 2018"]
[Source "ChessBase"]
[SourceDate "2017.10.13"]
[SourceVersion "1"]
[SourceVersionDate "2017.10.13"]
[SourceQuality "1"]

1. e4 c5 2. Nf3 d6 3. c3 Nf6 4. Be2 g6 5. 0-0 Bg7 6. d3 0-0 7. Nbd2 Nc6 8. d4 cxd4 9. cxd4 Bg4 10. d5 Nb8 11. Ne1 Bxe2 12. Qxe2 Na6 13. Nd3 Rc8 14. Nb3 Re8 15. f3 Nb4 16. Nxb4 Qb6+ 17. Qe3 Qxb4 18. Bd2 Qa4 19. Bc3 Rc7 20. Rfc1 Rec8 21. Nd2 b5 22. Nb3 b4 23. Bd4 h5 24. Rxc7 Rxc7 25. Nd2 Kh7 26. b3 Qa6 27. Nc4 Qb5 28. Qf2 a6 29. h3 a5 30. Re1 a4 31. f4 Kg8 32. Re2 axb3 33. axb3 Qa6 34. Re1 Rc8 35. Bxf6 Bxf6 36. e5 Bg7 37. exd6 exd6 38. f5 Rf8 39. fxg6 fxg6 40. Qg3 0-1